[Event "Aktobe Dvorkovich op-A"]
[Site "Aktobe"]
[Date "2025.06.22"]
[Round "1"]
[White "Sriram, Adarsh Uppala"]
[Black "Lyutsinger, Iren"]
[Result "0-1"]
[WhiteElo "2460"]
[BlackElo "2261"]
[PlyCount "88"]
[EventDate "2025.06.22"]
[EventType "swiss"]
[EventRounds "9"]
[EventCountry "KAZ"]
[SourceTitle "CB27_2025"]
[SourceDate "2025.07.02"]
[SourceVersion "1"]
[SourceVersionDate "2025.07.02"]
[SourceQuality "1"]

1. d4 Nf6 2. c4 e6 3. Nc3 Bb4 4. e3 0-0 5. Bd3 c5 6. Nge2 cxd4 7. exd4 d5 8. cxd5 Qxd5 9. 0-0 Qh5 10. Ne4 Nxe4 11. Bxe4 Nc6 12. Be3 Rd8 13. Rc1 Bd7 14. Qd3 Bd6 15. Ng3 Qh4 16. f4 Nb4 17. Qb3 Bb5 18. Rf2 a5 19. a3 a4 20. Qd1 Nd5 21. Bxd5 exd5 22. Qf3 Bc4 23. Nf5 Qf6 24. g4 Re8 25. Ng3 Re7 26. Rc3 Rae8 27. g5 Qe6 28. f5 Qxe3 29. Rxe3 Rxe3 30. Qg4 Bd3 31. Nf1 R3e4 32. Qh3 Rxd4 33. g6 hxg6 34. fxg6 Bxg6 35. Qd7 Re6 36. Qd8+ Kh7 37. Ng3 Rg4 38. Rf3 d4 39. Qa5 b6 40. Qd5 Bc5 41. Kh1 d3 42. Rf5 Rd4 43. Rh5+ Bxh5 44. Qxh5+ Kg8 0-1

[Event "Munich Whitsun op-A 3rd"]
[Site "Munich"]
[Date "2025.06.13"]
[Round "8"]
[White "Lyutsinger, Iren"]
[Black "Tang, Yiheng"]
[Result "1-0"]
[WhiteElo "2261"]
[BlackElo "1997"]
[PlyCount "85"]
[EventDate "2025.06.08"]
[EventType "swiss"]
[EventRounds "9"]
[EventCountry "GER"]
[SourceTitle "CB26_2025"]
[SourceDate "2025.06.25"]
[SourceVersion "1"]
[SourceVersionDate "2025.06.25"]
[SourceQuality "1"]

1. e4 c5 2. Nf3 d6 3. d4 cxd4 4. Nxd4 Nf6 5. Nc3 a6 6. Bg5 e6 7. Qe2 Be7 8. h4 h6 9. Bd2 b5 10. a3 e5 11. Nf5 Bxf5 12. exf5 Nc6 13. 0-0-0 Nd4 14. Qd3 b4 15. axb4 a5 16. b5 a4 17. Nb1 Nd5 18. Na3 Rc8 19. Kb1 Nb6 20. f4 Qc7 21. Bc3 0-0 22. g4 Qb7 23. Rg1 Bf6 24. Bxd4 exd4 25. g5 Bd8 26. gxh6 Bf6 27. Bg2 Qd7 28. Bc6 Rxc6 29. bxc6 Qxc6 30. Rxg7+ Kh8 31. Qg3 d3 32. Rg1 dxc2+ 33. Nxc2 Qb5 34. Rg8+ Kh7 35. Rg7+ Kh8 36. Qa3 Nc4 37. Qb4 Nd2+ 38. Ka1 Qd5 39. R7g2 Nb3+ 40. Kb1 Qa8 41. Qxd6 Bxb2 42. Kxb2 f6 43. Qe7 1-0

[Event "Munich Whitsun op-A 3rd"]
[Site "Munich"]
[Date "2025.06.08"]
[Round "2"]
[White "Lyutsinger, Iren"]
[Black "Kobo, Ori"]
[Result "0-1"]
[WhiteElo "2261"]
[BlackElo "2493"]
[PlyCount "72"]
[EventDate "2025.06.08"]
[EventType "swiss"]
[EventRounds "9"]
[EventCountry "GER"]
[SourceTitle "CB26_2025"]
[SourceDate "2025.06.25"]
[SourceVersion "1"]
[SourceVersionDate "2025.06.25"]
[SourceQuality "1"]

1. e4 c5 2. Nf3 d6 3. d4 cxd4 4. Nxd4 Nf6 5. Nc3 Nc6 6. Bg5 e6 7. Qd3 Bd7 8. 0-0-0 a6 9. f4 h6 10. Bxf6 Qxf6 11. g3 Qxd4 12. Qxd4 Nxd4 13. Rxd4 g5 14. Bg2 gxf4 15. gxf4 Bc6 16. Rhd1 h5 17. Bf3 Rd8 18. Ne2 Ke7 19. c4 Bh6 20. Kb1 f5 21. Bh1 Bg7 22. R4d2 fxe4 23. Ng3 Bh6 24. Nxh5 Rhf8 25. Re2 d5 26. Rf1 Rf5 27. Ng3 Rxf4 28. Rxf4 Bxf4 29. cxd5 exd5 30. Nf5+ Kf6 31. Nd4 Bd7 32. h4 Rh8 33. Rf2 Rxh4 34. Ne2 Rxh1+ 35. Kc2 Rh2 36. Rxf4+ Ke5 0-1

[Event "Titled Tuesday intern op 06th May Early"]
[Site "Chess.com INT"]
[Date "2025.05.06"]
[Round "5"]
[White "Lyutsinger, Iren"]
[Black "Berezin, Viktor"]
[Result "1-0"]
[WhiteElo "2266"]
[BlackElo "1921"]
[PlyCount "51"]
[EventDate "2025.05.06"]
[EventType "swiss (blitz)"]
[EventRounds "11"]
[EventCountry "USA"]
[SourceTitle "CB20_2025"]
[SourceDate "2025.05.14"]
[SourceVersion "1"]
[SourceVersionDate "2025.05.14"]
[SourceQuality "1"]

1. e4 e5 2. Nf3 Nc6 3. Bb5 Nf6 4. 0-0 Nxe4 5. Re1 Nd6 6. a4 Be7 7. Bxc6 dxc6 8. Nxe5 0-0 9. d4 Be6 10. Bf4 Re8 11. Nd2 Bf8 12. Ndf3 f6 13. Nd3 Nf5 14. c3 Bf7 15. Qc2 Qd7 16. a5 a6 17. Rad1 Bd6 18. h3 Kf8 19. Kh2 g5 20. Bxd6+ cxd6 21. c4 d5 22. Nc5 Qd6+ 23. g3 Rab8 24. Qxf5 Bg6 25. Qd7 Qxd7 26. Nxd7+ 1-0

[Event "Titled Tuesday intern op 06th May Early"]
[Site "Chess.com INT"]
[Date "2025.05.06"]
[Round "10"]
[White "Lyutsinger, Iren"]
[Black "Nikulina, Alena"]
[Result "1-0"]
[WhiteElo "2266"]
[BlackElo "1875"]
[PlyCount "65"]
[EventDate "2025.05.06"]
[EventType "swiss (blitz)"]
[EventRounds "11"]
[EventCountry "USA"]
[SourceTitle "CB20_2025"]
[SourceDate "2025.05.14"]
[SourceVersion "1"]
[SourceVersionDate "2025.05.14"]
[SourceQuality "1"]

1. e4 c5 2. Nf3 e6 3. d4 cxd4 4. Nxd4 Nf6 5. Nc3 Nc6 6. Nxc6 bxc6 7. e5 Nd5 8. Ne4 f5 9. exf6 Nxf6 10. Nxf6+ gxf6 11. Qh5+ Ke7 12. Bd3 Qe8 13. Qh4 d5 14. Be3 Qf7 15. 0-0-0 Kd6 16. Rhe1 e5 17. f4 Be7 18. c3 Kc7 19. fxe5 fxe5 20. Qa4 h6 21. Qa5+ Kd7 22. g4 Bg5 23. Bf5+ Ke8 24. Bxg5 hxg5 25. Rxe5+ Kf8 26. Qc5+ Kg8 27. Qxc6 Bxf5 28. Rxf5 Qe8 29. Qxd5+ Kg7 30. Rxg5+ Kh6 31. Rh5+ Kg7 32. Qg5+ Qg6 33. Rd7+ 1-0

[Event "RUS-chT 32nd"]
[Site "Sochi"]
[Date "2025.05.05"]
[Round "9.4"]
[White "Lyutsinger, Iren"]
[Black "Gilfanov, Marat I"]
[Result "1-0"]
[WhiteElo "2266"]
[BlackElo "2379"]
[PlyCount "80"]
[EventDate "2025.04.26"]
[EventType "team-swiss"]
[EventRounds "9"]
[EventCountry "RUS"]
[SourceTitle "CB19_2025"]
[SourceDate "2025.05.07"]
[SourceVersion "1"]
[SourceVersionDate "2025.05.07"]
[SourceQuality "1"]
[WhiteTeam "Sverdlovsk Region Sima Lend"]
[BlackTeam "Moscow Temus Tim"]
[WhiteTeamCountry "RUS"]
[BlackTeamCountry "RUS"]

1. e4 c5 2. Nf3 Nc6 3. d4 cxd4 4. Nxd4 Nf6 5. Nc3 d6 6. Bg5 e6 7. Qd3 Bd7 8. 0-0-0 a6 9. f4 Be7 10. Nf3 Qa5 11. Qe3 Rc8 12. Kb1 h6 13. Bxf6 gxf6 14. Bc4 Qc5 15. Qe2 b5 16. Bb3 b4 17. Nd5 a5 18. Rhe1 Kd8 19. Ba4 Nb8 20. Bxd7 Nxd7 21. Ne3 a4 22. Rd4 a3 23. Red1 axb2 24. Rc4 Qa5 25. Rxc8+ Kxc8 26. Nd4 Kb7 27. Nc4 Qa6 28. Nb5 d5 29. exd5 Ra8 30. Ncd6+ Kb6 31. Qc4 Nc5 32. dxe6 b3 33. a3 bxc2+ 34. Qxc2 Kc6 35. exf7 Rb8 36. Qe2 Bf8 37. Qe8+ Nd7 38. Nd4+ Kc7 39. Ne6+ Kc6 40. Nxf8 Qxa3 1-0

[Event "RUS-chT 32nd"]
[Site "Sochi"]
[Date "2025.04.30"]
[Round "5.5"]
[White "Parpiev, Isaak"]
[Black "Lyutsinger, Iren"]
[Result "1/2-1/2"]
[WhiteElo "2380"]
[BlackElo "2266"]
[PlyCount "63"]
[EventDate "2025.04.26"]
[EventType "team-swiss"]
[EventRounds "9"]
[EventCountry "RUS"]
[SourceTitle "CB19_2025"]
[SourceDate "2025.05.07"]
[SourceVersion "1"]
[SourceVersionDate "2025.05.07"]
[SourceQuality "1"]
[WhiteTeam "Moscow Region"]
[BlackTeam "Sverdlovsk Region Sima Lend"]
[WhiteTeamCountry "RUS"]
[BlackTeamCountry "RUS"]

1. d4 Nf6 2. Nf3 b6 3. Bf4 Bb7 4. h4 g6 5. e3 Bg7 6. c4 d6 7. Nc3 Nbd7 8. Qc2 a6 9. Rd1 e6 10. Bd3 Qe7 11. Ne4 Nxe4 12. Bxe4 Bxe4 13. Qxe4 0-0 14. Qc6 e5 15. dxe5 Nxe5 16. Bxe5 dxe5 17. 0-0 Rad8 18. e4 Rxd1 19. Rxd1 Rd8 20. Rd5 Rxd5 21. cxd5 Bf8 22. a3 a5 23. g3 f6 24. h5 Kf7 25. Kg2 Qd6 26. Qb5 Be7 27. Nd2 Qc5 28. Qd7 Qc2 29. Qe6+ Kf8 30. Qc8+ Kg7 31. Nf3 Bc5 32. h6+ 1/2-1/2

[Event "Titled Tuesday intern op 25th Mar Early"]
[Site "Chess.com INT"]
[Date "2025.03.25"]
[Round "7"]
[White "Asensio Ramos, Enrique Fernando"]
[Black "Lyutsinger, Iren"]
[Result "1-0"]
[WhiteElo "2227"]
[BlackElo "2301"]
[PlyCount "97"]
[EventDate "2025.03.25"]
[EventType "swiss (blitz)"]
[EventRounds "11"]
[EventCountry "USA"]
[SourceTitle "CB14_2025"]
[SourceDate "2024.11.01"]
[SourceVersion "1"]
[SourceVersionDate "2024.11.01"]
[SourceQuality "1"]

1. d4 d5 2. Nc3 Nf6 3. Bf4 c5 4. e4 Nxe4 5. Nxe4 dxe4 6. dxc5 Qxd1+ 7. Rxd1 Bd7 8. Be3 e5 9. f3 f5 10. fxe4 f4 11. Bf2 g5 12. Nf3 Nc6 13. Nxg5 Nb4 14. c3 Nc2+ 15. Kd2 Ne3 16. Bxe3 fxe3+ 17. Kxe3 Bxc5+ 18. Kd3 Ke7 19. Nf3 Rad8 20. Kc4 Be6+ 21. Rd5 Bxd5+ 22. exd5 Bd6 23. Bd3 Rhg8 24. g3 Rg4+ 25. Kb3 Rf8 26. Nd2 a5 27. a4 Rf2 28. Ne4 Rf3 29. Be2 Rxe4 30. Bxf3 Re3 31. Bg4 h6 32. Rf1 Re4 33. Bh5 b6 34. Rf7+ Kd8 35. Rh7 Re1 36. Bg4 Bc5 37. Kc4 e4 38. b4 axb4 39. cxb4 Rc1+ 40. Kb5 Rb1 41. Kc6 Bxb4 42. d6 Rc1+ 43. Kd5 Bc3 44. Ra7 Ke8 45. Ke6 Kf8 46. d7 Bf6 47. Kxf6 Rf1+ 48. Ke6 e3 49. d8Q# 1-0

[Event "Titled Tuesday intern op 25th Mar Early"]
[Site "Chess.com INT"]
[Date "2025.03.25"]
[Round "2"]
[White "Matinian, Nikita"]
[Black "Lyutsinger, Iren"]
[Result "1-0"]
[WhiteElo "2415"]
[BlackElo "2301"]
[PlyCount "93"]
[EventDate "2025.03.25"]
[EventType "swiss (blitz)"]
[EventRounds "11"]
[EventCountry "USA"]
[SourceTitle "CB14_2025"]
[SourceDate "2024.11.01"]
[SourceVersion "1"]
[SourceVersionDate "2024.11.01"]
[SourceQuality "1"]

1. e4 c5 2. Nc3 d6 3. f4 Nc6 4. Nf3 Bg4 5. Bb5 a6 6. Bxc6+ bxc6 7. h3 Bxf3 8. Qxf3 g6 9. e5 d5 10. 0-0 e6 11. d3 Ne7 12. Na4 Nf5 13. c4 h5 14. Be3 Qa5 15. b3 Be7 16. Qf2 d4 17. Bd2 Qc7 18. Qf3 Rc8 19. Rfe1 Kf8 20. a3 a5 21. Rab1 Kg7 22. g3 Rb8 23. Re2 Rb7 24. Be1 Rhb8 25. Reb2 f6 26. exf6+ Kxf6 27. g4 hxg4 28. hxg4 Ne3 29. Bf2 Kg7 30. Bxe3 dxe3 31. Qxe3 Bf6 32. Nxc5 Qd6 33. Nxb7 Rxb7 34. Kg2 Bxb2 35. Rxb2 Rf7 36. Qe5+ Qxe5 37. fxe5 Rd7 38. b4 Rxd3 39. b5 cxb5 40. cxb5 a4 41. b6 Rd8 42. b7 Rb8 43. Kf3 Kf7 44. Kf4 Ke7 45. Kg5 Kd7 46. Kxg6 Kc7 47. Kf7 1-0

[Event "Moscow Aeroflot op-A"]
[Site "Moscow"]
[Date "2025.03.05"]
[Round "7"]
[White "Lyutsinger, Iren"]
[Black "Isanzhulov, Arystan"]
[Result "0-1"]
[WhiteElo "2301"]
[BlackElo "2416"]
[PlyCount "70"]
[EventDate "2025.03.01"]
[EventType "swiss"]
[EventRounds "9"]
[EventCountry "RUS"]
[SourceTitle "CB11_2025"]
[SourceDate "2025.03.12"]
[SourceVersion "1"]
[SourceVersionDate "2025.03.12"]
[SourceQuality "1"]

1. e4 c5 2. Nf3 e6 3. d4 cxd4 4. Nxd4 Nc6 5. Nc3 Qc7 6. Nxc6 bxc6 7. Bd3 d5 8. Qe2 Be7 9. e5 Nh6 10. Bxh6 gxh6 11. 0-0 0-0 12. Rae1 f5 13. exf6 Bxf6 14. Qh5 Bg7 15. Kh1 e5 16. f4 e4 17. Nxd5 cxd5 18. Qxd5+ Kh8 19. Bxe4 Ba6 20. Rg1 Rad8 21. Qe6 Bc4 22. Qh3 Rxf4 23. c3 Rf2 24. Rd1 Rxb2 25. Qg3 Qe7 26. Rde1 Qd6 27. Qh4 Qf6 28. Qh5 Qg5 29. Qh3 Rxa2 30. Bb1 Rad2 31. Re4 Rd1 32. Re8+ Rxe8 33. Rxd1 Bg8 34. Qd7 Qe7 35. Qd2 Qe3 0-1

[Event "Moscow Aeroflot op-A"]
[Site "Moscow"]
[Date "2025.03.03"]
[Round "5"]
[White "Lyutsinger, Iren"]
[Black "Koryakin, Evgeniy"]
[Result "1-0"]
[WhiteElo "2301"]
[BlackElo "2366"]
[PlyCount "124"]
[EventDate "2025.03.01"]
[EventType "swiss"]
[EventRounds "9"]
[EventCountry "RUS"]
[SourceTitle "CB11_2025"]
[SourceDate "2025.03.12"]
[SourceVersion "1"]
[SourceVersionDate "2025.03.12"]
[SourceQuality "1"]

1. e4 e5 2. Nf3 Nc6 3. Bb5 a6 4. Ba4 Nf6 5. 0-0 Be7 6. Re1 b5 7. Bb3 d6 8. c3 0-0 9. h3 Nb8 10. d4 Nbd7 11. Nbd2 Bb7 12. Bc2 Re8 13. Nf1 c5 14. d5 c4 15. g4 g6 16. Ng3 Nc5 17. Be3 Qc7 18. Qd2 Kh8 19. Kg2 Ng8 20. Rh1 Bc8 21. Ng5 Bf8 22. f4 exf4 23. Bd4+ f6 24. Qxf4 Qe7 25. h4 Bg7 26. Qxd6 Nb7 27. Qxe7 Nxe7 28. Nh3 Bxg4 29. Nf2 Bd7 30. h5 Kg8 31. Bd1 f5 32. Bxg7 Kxg7 33. Bf3 fxe4 34. Bxe4 Nd6 35. Bf3 Nef5 36. Nxf5+ Bxf5 37. Rh4 Rad8 38. Rah1 Nf7 39. hxg6 Bxg6 40. Be4 Ng5 41. Bxg6 Kxg6 42. Rh6+ Kf5 43. Rf1 Re2 44. Kg3 Re3+ 45. Kg2 Re2 46. Kg3 Ne4+ 47. Nxe4+ Kxe4 48. Re6+ Kd3 49. Rxe2 Kxe2 50. Rf5 Ke3 51. Re5+ Kd3 52. Kf4 Rd6 53. Rh5 b4 54. Rh3+ Kc2 55. Ke5 bxc3 56. Rh2+ Kb1 57. bxc3 Rd8 58. Kd4 Rc8 59. d6 a5 60. Kd5 a4 61. d7 Rd8 62. Kd6 a3 1-0

[Event "New York Blitz Fuel IM-C"]
[Site "New York"]
[Date "2025.01.18"]
[Round "5"]
[White "Sun, Ryan"]
[Black "Lyutsinger, Iren"]
[Result "1-0"]
[WhiteElo "2268"]
[BlackElo "2127"]
[PlyCount "137"]
[EventDate "2025.01.16"]
[EventType "tourn"]
[EventRounds "9"]
[EventCountry "USA"]
[EventCategory "2"]
[SourceTitle "CB05_2025"]
[SourceDate "2025.01.29"]
[SourceVersion "1"]
[SourceVersionDate "2025.01.29"]
[SourceQuality "1"]

1. Nf3 Nf6 2. g3 g6 3. b3 Bg7 4. Bb2 0-0 5. Bg2 d6 6. d4 Nbd7 7. 0-0 e5 8. dxe5 Ng4 9. c4 Ngxe5 10. Nc3 Re8 11. Qd2 Nc5 12. Nxe5 dxe5 13. Qxd8 Rxd8 14. Rad1 Re8 15. Nd5 Ne6 16. Ba3 Kh8 17. e3 c6 18. Nc3 f5 19. Rd2 Kg8 20. Rfd1 Bf8 21. Bd6 Bxd6 22. Rxd6 Kf7 23. b4 Ke7 24. b5 Rd8 25. c5 Bd7 26. bxc6 Bxc6 27. Bxc6 bxc6 28. Rxc6 Rxd1+ 29. Nxd1 Kd7 30. Rd6+ Ke7 31. Nc3 Nxc5 32. Rc6 Nd7 33. Nd5+ Kf7 34. e4 fxe4 35. Ra6 Rb8 36. Rxa7 Ke6 37. Ne3 Rb1+ 38. Kg2 Rb2 39. Ra6+ Ke7 40. Ra5 Ke6 41. a4 Ra2 42. Ra6+ Ke7 43. Ra5 Ke6 44. g4 Nb8 45. Ra8 Nd7 46. Ra6+ Ke7 47. Ra5 Kd6 48. Nc4+ Kc6 49. Kg3 Nc5 50. Nxe5+ Kd6 51. Nc4+ Kd5 52. Ne3+ Kd4 53. Ra7 Nd3 54. Rd7+ Ke5 55. f4+ Ke6 56. Rd4 Nf2 57. f5+ gxf5 58. gxf5+ Ke5 59. Rd5+ Kf6 60. a5 Re2 61. Kf4 Ra2 62. Rd6+ Ke7 63. Nc4 Ra4 64. Re6+ Kf8 65. Rc6 Nd3+ 66. Kg5 h6+ 67. Kf6 Ke8 68. Rc8+ Kd7 69. Nb6+ 1-0

[Event "New York Blitz Fuel IM-C"]
[Site "New York"]
[Date "2025.01.17"]
[Round "3"]
[White "Bortnyk, Mykola"]
[Black "Lyutsinger, Iren"]
[Result "1-0"]
[WhiteElo "2410"]
[BlackElo "2127"]
[PlyCount "81"]
[EventDate "2025.01.16"]
[EventType "tourn"]
[EventRounds "9"]
[EventCountry "USA"]
[EventCategory "2"]
[SourceTitle "CB05_2025"]
[SourceDate "2025.01.29"]
[SourceVersion "1"]
[SourceVersionDate "2025.01.29"]
[SourceQuality "1"]

1. e4 c5 2. Nf3 d6 3. d4 cxd4 4. Nxd4 Nf6 5. Nc3 a6 6. Bg5 Nbd7 7. Bc4 Qb6 8. Qd2 Qxb2 9. 0-0 Qb4 10. Bd5 Nxd5 11. exd5 h6 12. Rab1 Qc4 13. Be3 Nf6 14. Nb3 b5 15. Rfe1 b4 16. Na4 Nxd5 17. Nb6 Nxb6 18. Bxb6 e6 19. Na5 Qc3 20. Qd5 Rb8 21. Nc4 Be7 22. Qc6+ Bd7 23. Nxd6+ Bxd6 24. Qxd6 Rc8 25. Red1 Bb5 26. Bd4 Qc6 27. Qxb4 f6 28. Be3 Kf7 29. Rd6 Qxc2 30. Rbd1 Qxa2 31. Qg4 h5 32. Qf3 Qc4 33. h3 Bc6 34. Qg3 g5 35. f4 h4 36. Qf2 g4 37. f5 e5 38. Bg5 fxg5 39. Qa7+ Kf8 40. Rf6+ Ke8 41. Re6+ 1-0

[Event "New York Blitz Fuel IM-C"]
[Site "New York"]
[Date "2025.01.16"]
[Round "1"]
[White "Atwell, Rose"]
[Black "Lyutsinger, Iren"]
[Result "0-1"]
[WhiteElo "2159"]
[BlackElo "2127"]
[PlyCount "132"]
[EventDate "2025.01.16"]
[EventType "tourn"]
[EventRounds "9"]
[EventCountry "USA"]
[EventCategory "2"]
[SourceTitle "CB05_2025"]
[SourceDate "2025.01.29"]
[SourceVersion "1"]
[SourceVersionDate "2025.01.29"]
[SourceQuality "1"]

1. d4 Nf6 2. c4 e6 3. g3 c5 4. d5 exd5 5. cxd5 d6 6. Nc3 g6 7. Bg2 Bg7 8. Nf3 0-0 9. 0-0 Re8 10. Re1 Nbd7 11. Bf4 Ng4 12. h3 Nge5 13. Ne4 Nxf3+ 14. exf3 Ne5 15. Rc1 b5 16. b3 h6 17. h4 f5 18. Nc3 Bd7 19. Qd2 Kh7 20. Ne2 a5 21. Be3 a4 22. Nf4 axb3 23. axb3 Ra3 24. Qc2 Qa8 25. Qd1 c4 26. bxc4 bxc4 27. Re2 Nd3 28. Nxd3 cxd3 29. Rd2 Ba4 30. Qf1 Qxd5 31. f4 Qb3 32. h5 Bb5 33. hxg6+ Kxg6 34. Bf3 Bc4 35. Qh3 Rf8 36. Kg2 Ra2 37. Bd1 Qb7+ 38. Kh2 Rxd2 39. Bxd2 d5 40. g4 Qb2 41. gxf5+ Kh7 42. Be3 Bf6 43. Bh5 Rg8 44. Bf7 Rg7 45. Bg6+ Kg8 46. Qf3 Qb8 47. Bd2 Qd8 48. Re1 Re7 49. Rg1 d4 50. Bf7+ Kxf7 51. Qh5+ Kf8 52. Bb4 Bf7 53. Qxh6+ Ke8 54. Qxf6 Re2 55. Qh8+ Kd7 56. Qxd4+ Ke8 57. Qh8+ Kd7 58. Qh7 Kc6 59. Rg5 Qd4 60. Qh6+ Kb5 61. f6+ Bd5 62. Kh3 Rxf2 63. Qf8 Qe3+ 64. Rg3 Be6+ 65. f5 Bxf5+ 66. Kh4 Rh2+ 0-1

[Event "Wch Blitz (Women)"]
[Site "New York"]
[Date "2024.12.30"]
[Round "7"]
[White "Mamedjarova, Turkan"]
[Black "Lyutsinger, Iren"]
[Result "1-0"]
[WhiteElo "2197"]
[BlackElo "2150"]
[PlyCount "89"]
[EventDate "2024.12.30"]
[EventType "swiss (blitz)"]
[EventRounds "11"]
[EventCountry "USA"]
[SourceTitle "CB01_2025"]
[SourceDate "2025.01.01"]
[SourceVersion "1"]
[SourceVersionDate "2025.01.01"]
[SourceQuality "1"]

1. d4 Nf6 2. c4 e6 3. Nc3 Bb4 4. Qc2 0-0 5. a3 Bxc3+ 6. bxc3 d5 7. c5 b6 8. cxb6 axb6 9. e3 c5 10. Nf3 Nc6 11. Be2 Ba6 12. Bxa6 Rxa6 13. 0-0 Ne4 14. c4 Qe7 15. Bb2 f5 16. Rad1 Rd8 17. dxc5 bxc5 18. Rd3 Raa8 19. Rfd1 Qf7 20. h3 Rd7 21. Ba1 Rad8 22. Ne5 Nxe5 23. Bxe5 f4 24. Bxf4 Qf5 25. f3 Nf6 26. cxd5 Nxd5 27. Qxc5 Qg6 28. Be5 Nxe3 29. Qxe3 Rxd3 30. Rxd3 Qxd3 31. Qg5 Rd7 32. Kh2 h6 33. Qh5 Kh7 34. a4 Rd5 35. f4 Qe4 36. Qf7 Qg6 37. Qb7 Rd2 38. a5 h5 39. a6 h4 40. f5 exf5 41. a7 f4 42. Bxf4 Ra2 43. a8Q Rxa8 44. Qxa8 Qf5 45. Qf3 1-0

[Event "Wch Blitz (Women)"]
[Site "New York"]
[Date "2024.12.30"]
[Round "1"]
[White "Munkhzul, Davaakhuu"]
[Black "Lyutsinger, Iren"]
[Result "0-1"]
[WhiteElo "2138"]
[BlackElo "2150"]
[PlyCount "60"]
[EventDate "2024.12.30"]
[EventType "swiss (blitz)"]
[EventRounds "11"]
[EventCountry "USA"]
[SourceTitle "CB01_2025"]
[SourceDate "2025.01.01"]
[SourceVersion "1"]
[SourceVersionDate "2025.01.01"]
[SourceQuality "1"]

1. e4 c5 2. Nf3 d6 3. d4 cxd4 4. Nxd4 Nf6 5. Nc3 a6 6. Be3 e5 7. Nf3 Be7 8. Bc4 0-0 9. 0-0 Nc6 10. Qe2 Na5 11. Bb3 Be6 12. Rfd1 Qc7 13. Bxe6 fxe6 14. Ng5 Qc8 15. Na4 Nc4 16. b3 b5 17. Nb6 Nxb6 18. Bxb6 h6 19. Nf3 Qc6 20. Ba5 Nxe4 21. Bb4 Rac8 22. Re1 Nc5 23. Rad1 Bf6 24. Qd2 Nb7 25. c3 a5 26. Ba3 Rfd8 27. c4 bxc4 28. bxc4 Qxc4 29. Rc1 Qd5 30. Qb2 e4 0-1

[Event "Wch Rapid (Women)"]
[Site "New York"]
[Date "2024.12.27"]
[Round "5"]
[White "Javakhishvili, Lela"]
[Black "Lyutsinger, Iren"]
[Result "1-0"]
[WhiteElo "2321"]
[BlackElo "2140"]
[PlyCount "85"]
[EventDate "2024.12.26"]
[EventType "swiss (rapid)"]
[EventRounds "11"]
[EventCountry "USA"]
[SourceTitle "CB01_2025"]
[SourceDate "2025.01.01"]
[SourceVersion "1"]
[SourceVersionDate "2025.01.01"]
[SourceQuality "1"]

1. Nf3 Nf6 2. b3 d5 3. Bb2 c5 4. g3 Nc6 5. Bg2 Qc7 6. 0-0 e5 7. d3 Bd6 8. Nc3 a6 9. e4 d4 10. Ne2 b5 11. Nh4 Rb8 12. Bc1 c4 13. Nf5 Bxf5 14. exf5 Ne7 15. f4 0-0 16. Kh1 Rfe8 17. fxe5 Bxe5 18. Bg5 Qd7 19. bxc4 bxc4 20. dxc4 Nxf5 21. Qd3 Ne3 22. Bxf6 Bxf6 23. Rf3 Qc6 24. Rxe3 Qxg2+ 25. Kxg2 Rxe3 26. Qd2 Rbe8 27. Nxd4 R3e4 28. c3 Bxd4 29. cxd4 Re2+ 30. Qxe2 Rxe2+ 31. Kf3 Rc2 32. c5 Kf8 33. h4 Ke7 34. Ke4 Ke6 35. Rb1 f5+ 36. Kd3 Rxa2 37. Rb6+ Ke7 38. Rb7+ Kf6 39. c6 Ke6 40. d5+ Kxd5 41. c7 Ra3+ 42. Kc2 Ra2+ 43. Kb1 1-0